NBA Top 100 All-Time: Rebounds - Statistics

General Stats
  • This quiz has been taken 4,421 times
    300 since last reset
  • The average score is 52 of 100
Answer Stats
# Player Rebounds % Correct
1 Wilt Chamberlain 23,924
99%
24 LeBron James 12,095
96%
16 Shaquille O'Neal 13,099
95%
2 Bill Russell 21,620
92%
15 Hakeem Olajuwon 13,748
91%
4 Kareem Abdul-Jabbar 17,440
91%
8 Karl Malone 14,968
90%
3 Moses Malone 17,834
90%
7 Tim Duncan 15,091
90%
25 Dennis Rodman 11,965
89%
68 Nikola Jokić 8,977
87%
41 David Robinson 10,497
86%
35 DeAndre Jordan 10,861
86%
67 Russell Westbrook 9,025
84%
84 Kevin Durant 8,254
82%
10 Kevin Garnett 14,662
82%
29 Dirk Nowitzki 11,489
81%
27 Patrick Ewing 11,607
80%
11 Dwight Howard 14,627
78%
71 Giannis Antetokounmpo 8,882
78%
57 A.C. Green 9,473
75%
64 Johnny Green 9,083
75%
42 Ben Wallace 10,482
74%
69 Larry Bird 8,974
73%
9 Robert Parish 14,715
73%
78 Anthony Davis 8,637
72%
80 Dale Davis 8,605
72%
31 Pau Gasol 11,305
72%
20 Charles Barkley 12,546
71%
98 Oscar Robertson 7,804
70%
21 Dikembe Mutombo 12,359
67%
28 Andre Drummond 11,513
66%
19 Bob Pettit 12,849
64%
6 Elvin Hayes 16,279
64%
40 Julius Erving 10,525
63%
30 Elgin Baylor 11,463
62%
39 Rudy Gobert 10,572
62%
14 Wes Unseld 13,769
62%
50 Kevin Love 9,712
61%
17 Buck Williams 13,017
56%
88 Chris Webber 8,124
56%
72 Shawn Kemp 8,834
56%
81 Willis Reed 8,414
56%
45 Bill Laimbeer 10,400
55%
97 Carmelo Anthony 7,808
55%
63 Al Horford 9,162
54%
90 Bob McAdoo 8,048
52%
44 Dave Cowens 10,444
52%
87 Larry Smith 8,125
52%
37 Nikola Vučević 10,707
52%
92 Karl-Anthony Towns 8,025
51%
38 Caldwell Jones 10,685
50%
73 LaMarcus Aldridge 8,745
50%
94 John Havlicek 8,007
49%
43 Tyson Chandler 10,467
49%
5 Artis Gilmore 16,330
48%
58 Horace Grant 9,443
48%
74 Jason Kidd 8,725
47%
32 Dolph Schayes 11,256
46%
12 Nate Thurmond 14,464
46%
51 Bob Lanier 9,698
43%
26 Kevin Willis 11,901
41%
47 Zach Randolph 10,208
41%
82 P.J. Brown 8,409
40%
60 Vlade Divac 9,326
40%
23 Charles Oakley 12,205
39%
18 Jerry Lucas 12,942
38%
65 Jonas Valančiūnas 9,052
38%
56 Marcus Camby 9,513
38%
61 Maurice Lucas 9,306
38%
48 Shawn Marion 10,101
37%
13 Walt Bellamy 14,241
37%
36 Jack Sikma 10,816
35%
95 Billy Cunningham 7,981
33%
85 Carlos Boozer 8,192
33%
66 Elton Brand 9,040
33%
33 Dan Issel 11,133
32%
99 Al Jefferson 7,690
29%
100 Paul Millsap 7,673
29%
86 Antawn Jamison 8,157
28%
54 Dave DeBusschere 9,618
27%
46 Otis Thorpe 10,370
27%
89 Lamar Odom 8,059
26%
75 Leroy Ellis 8,709
24%
22 Paul Silas 12,357
24%
34 Bill Bridges 11,054
23%
79 Terry Cummings 8,630
23%
76 Spencer Haywood 8,675
19%
62 George McGinnis 9,233
18%
52 Sam Lacey 9,687
18%
59 Bailey Howell 9,383
17%
55 Mel Daniels 9,528
17%
77 Michael Cage 8,646
16%
49 Red Kerr 10,092
16%
96 Ray Scott 7,979
14%
93 Happy Hairston 8,019
13%
83 Swen Nater 8,340
13%
53 Zelmo Beaty 9,665
13%
91 Larry Foust 8,041
11%
70 Billy Paultz 8,959
10%
No matching quizzes found
Score Distribution
Percent of People with Each Score
Percentile by Number Answered
Your Score History
You have not taken this quiz since the last reset